Welcome to the Holygrace Academy Library

Please use search bar below to get started

ULTIMATE BOOK OF KNOWLEDGE (Record no. 1852)

MARC details
000 -LEADER
fixed length control field 00319nam a22001337a 4500
020 ## - INTERNATIONAL STANDARD BOOK NUMBER
ISBN 978-1-4454-6268-4
082 ## - DEWEY DECIMAL CLASSIFICATION NUMBER
Classification number 001
Item number FAR/U
100 ## - MAIN ENTRY--AUTHOR NAME
Personal name FARNDON,JOHN
245 ## - TITLE STATEMENT
Title ULTIMATE BOOK OF KNOWLEDGE
260 ## - PUBLICATION, DISTRIBUTION, ETC. (IMPRINT)
Place of publication LONDON
Name of publisher TALL TREE LTD
Year of publication 2011
300 ## - PHYSICAL DESCRIPTION
Number of Pages 384
650 ## - SUBJECT ADDED ENTRY--TOPICAL TERM
Topical Term GENERAL KNOWLEDGE
Geographic subdivision UNITED KINGDOM
942 ## - ADDED ENTRY ELEMENTS (KOHA)
Koha item type Books
Holdings
Withdrawn status Lost status Collection code Home library Current library Shelving location Date acquired Source of acquisition Cost, normal purchase price Full call number Accession Number Koha item type
    Reference Main Library Main Library SHELF 1-C ENCYCLOPEDIAS ,G K REFERENCE 16/05/2012 purchase 2100.00 001 FAR/U 06110 Books